La Coyuntura económica en los primeros meses del año
Na minha lista:
| Formato: | Texto |
|---|---|
| Assuntos: | |
| Tags: |
Adicionar Tag
Sem tags, seja o primeiro a adicionar uma tag!
|
MARC
| LEADER | 00000 a a2200000 04500 | ||
|---|---|---|---|
| 001 | 6381 | ||
| 003 | |||
| 040 | |||
| 245 | |a La Coyuntura económica en los primeros meses del año | ||
| 650 | |a ECONOMIA | ||
| 650 | |a INDICADORES DE DESARROLLO | ||
| 650 | |a ASPECTOS ECONOMICOS | ||
| 650 | |a CONDICIONES ECONOMICAS | ||
| 773 | |g volumen 21, número 910; páginas 7-9 | ||
| 999 | |c 32974 |d 32974 | ||
